Париж в художественном сознании Эмиля Золя (Запись № 3761906)

Подробности
000 -МАРКЕР
контрольное поле 02328nam0a2200421 i 4500
001 - ИДЕНТИФИКАТОР ЗАПИСИ
контрольное поле RU\NLR\bibl\1967227
005 - ИДЕНТИФИКАТОР ВЕРСИИ
контрольное поле 20260406125615.0
010 ## - МЕЖДУНАРОДНЫЙ СТАНДАРТНЫЙ НОМЕР КНИГИ (ISBN)
Номер (ISBN) 9785890167507
Тираж 500
021 ## - НОМЕР ГОСУДАРСТВЕННОЙ РЕГИСТРАЦИИ
Код страны российская федерация
Номер 2012-80897
Номер Листа государственной регистраци 6000
035 ## - ДРУГИЕ СИСТЕМНЫЕ НОМЕРА
Идентификатор записи (nilc)RSL-KNO-005516238
035 ## - ДРУГИЕ СИСТЕМНЫЕ НОМЕРА
Идентификатор записи (NLR Aleph) 001956129
100 ## - ДАННЫЕ ОБЩЕЙ ОБРАБОТКИ
Данные общей обработки 20121029d2011 u y0rusy50 ca
101 0# - ЯЗЫК РЕСУРСА
Язык текста, звукозаписи и т.д. русский
Язык резюме английский
102 ## - СТРАНА ПУБЛИКАЦИИ ИЛИ ПРОИЗВОДСТВА
Страна публикации российская федерация
105 ## - ПОЛЕ КОДИРОВАННЫХ ДАННЫХ: ТЕКСТОВЫЕ МАТЕРИАЛЫ, МОНОГРАФИЧЕСКИЕ
Кодированные данные о монографическом текстовом документе y zzzz|||||
200 1# - ЗАГЛАВИЕ И СВЕДЕНИЯ ОБ ОТВЕТСТВЕННОСТИ
Основное заглавие Париж в художественном сознании Эмиля Золя
Параллельное заглавие Paris in the artistic consciousness of Emile Zola
Сведения, относящиеся к заглавию проблема городского текста
-- монография
Первые сведения об ответственности Н.Л. Потанина, М.А. Гололобов
Последующие сведения об ответственности М-во образования и науки Рос. Федерации, Федер. гос. бюджет. образоват. учреждение высш. проф. образования "Тамбов. гос. ун-т им. Г.Р. Державина"
Язык параллельного заглавия английский
210 ## - ПУБЛИКАЦИЯ, РАСПРОСТРАНЕНИЕ И ДР.
Место издания, распространения и т.д. Тамбов
Имя издателя, распространителя и т. д. Изд-во ТГУ
Дата издания, распространения и т.д. 2011
215 ## - ФИЗИЧЕСКАЯ ХАРАКТЕРИСТИКА
Специфическое обозначение материала и объем 155 с.
Размеры 21
300 ## - ОБЩИЕ ПРИМЕЧАНИЯ
Текст примечания Авт. также на англ. яз.: N.L. Potanina, M.A. Gololobov
300 ## - ОБЩИЕ ПРИМЕЧАНИЯ
Текст примечания Рез. на англ. яз.
320 ## - ПРИМЕЧАНИЯ О НАЛИЧИИ В ДОКУМЕНТЕ БИБЛИОГРАФИИ / УКАЗАТЕЛЯ
Текст примечания Библиогр.: с. 138-155 и в подстроч. примеч.
320 ## - ПРИМЕЧАНИЯ О НАЛИЧИИ В ДОКУМЕНТЕ БИБЛИОГРАФИИ / УКАЗАТЕЛЯ
Текст примечания Библиогр.: с. 138-155 (291 назв.)
510 0# - ПАРАЛЛЕЛЬНОЕ ЗАГЛАВИЕ
Связь между полями z45790
Параллельное заглавие Paris in the artistic consciousness of Emile Zola
Язык заглавия английский
600 #1 - ИМЯ ЛИЦА КАК ПРЕДМЕТ
Начальный элемент ввода Золя
Часть имени, кроме начального элемента ввода Э.
Даты 1840 - 1902
Расширение инициалов личного имени Эмиль
Тематический подзаголовок Тематика произведений
Системный номер авторитетной/нормативной записи 1148667
Идентификатор авторитетной/нормативной записи RU\NLR\auth\66458195
686 ## - ИНДЕКСЫ ДРУГИХ КЛАССИФИКАЦИЙ
Индекс Ш5(4Фр)53-4Золя Э.54,0
Код системы
686 ## - ИНДЕКСЫ ДРУГИХ КЛАССИФИКАЦИЙ
Индекс Ш5(4Фр)53-4Золя54
700 #1 - ИМЯ ЛИЦА - ПЕРВИЧНАЯ ОТВЕТСТВЕННОСТЬ
Код отношения Автор
Материалы, к которым относится поле rus
Графика поля Кириллица
Начальный элемент ввода Потанина
Часть имени, кроме начального элемента ввода Н. Л.
Расширение инициалов личного имени Наталия Леонидовна
Идентификатор авторитетной/нормативной записи RU\NLR\auth\77117632
Системный номер авторитетной/нормативной записи 100557
701 #1 - ИМЯ ЛИЦА - АЛЬТЕРНАТИВНАЯ ОТВЕТСТВЕННОСТЬ
Код отношения Автор
Материалы, к которым относится поле rus
Графика поля Кириллица
Начальный элемент ввода Гололобов
Часть имени, кроме начального элемента ввода М. А.
Расширение инициалов личного имени Михаил Александрович
Идентификатор авторитетной/нормативной записи RU\NLR\auth\77117635
Системный номер авторитетной/нормативной записи 100560
702 #1 - ИМЯ ЛИЦА - ВТОРИЧНАЯ ОТВЕТСТВЕННОСТЬ
Код отношения Прочие
Материалы, к которым относится поле rus
Графика поля Кириллица
Начальный элемент ввода Золя
Часть имени, кроме начального элемента ввода Э.
Даты 1840-1902
Расширение инициалов личного имени Эмиль
Идентификатор авторитетной/нормативной записи RU\NLR\auth\771440
Системный номер авторитетной/нормативной записи 111465
790 #1 - ИМЯ ЛИЦА - АЛЬТЕРНАТИВНАЯ ФОРМА
Код отношения Автор
Материалы, к которым относится поле rus
Графика поля Латинская
Начальный элемент ввода Potanina
Часть имени, кроме начального элемента ввода N. L.
Расширение инициалов личного имени Natalija Leonidovna
Идентификатор авторитетной/нормативной записи RU\NLR\auth\77117634
Системный номер авторитетной/нормативной записи 100559
790 #1 - ИМЯ ЛИЦА - АЛЬТЕРНАТИВНАЯ ФОРМА
Код отношения Автор
Материалы, к которым относится поле rus
Графика поля Латинская
Начальный элемент ввода Gololobov
Часть имени, кроме начального элемента ввода M. A.
Расширение инициалов личного имени Michail Aleksandrovič
Идентификатор авторитетной/нормативной записи RU\NLR\auth\77117636
Системный номер авторитетной/нормативной записи 100561
801 #0 - ИСТОЧНИК ЗАПИСИ
Страна российская федерация
Организация RuMoRKP
Дата составления 20121029
Правила каталогизации rcr
801 #1 - ИСТОЧНИК ЗАПИСИ
Страна российская федерация
Организация РГБ
Дата составления 20121029
801 #2 - ИСТОЧНИК ЗАПИСИ
Страна российская федерация
Организация NLR
Дата составления 20121115
Правила каталогизации rcr
942 ## - ДОПОЛНИТЕЛЬНЫЕ ЭЛЕМЕНТЫ ЗАПИСИ (АБИС)
Тип экземпляра АБИС Книга
980 ## - КОЛЛЕКЦИЯ
Название коллекции НБР

Нет доступных экземпляров.